Most Famous People by Last Name #1 - Statistics

General Stats
  • This quiz has been taken 187 times
  • The average score is 13 of 60
Answer Stats
Answer % Correct
Will
82%
Michael
81%
Bruce
63%
James
60%
James
60%
Serena
49%
Andrew
45%
Andrew
45%
Venus
42%
Elizabeth
37%
David
35%
George R. R.
34%
Miles
34%
Woodrow
34%
Adam
30%
Jong-un
30%
Andy
28%
Christopher
27%
Dan
26%
Jong-il
26%
Robin
26%
Boris
24%
Lyndon B.
24%
José de San
23%
José Eduardo dos
23%
Tommy Lee
23%
Pamela
22%
Bette
20%
Henry
20%
Zachary
19%
Arthur
18%
Ricky
18%
Charles T. R.
16%
Il-sung
16%
Joseph
16%
Joseph Hooton
16%
Michelle
15%
Peter
15%
Carl David
14%
Juan Manuel
13%
Harold
12%
Luiz Lula da
12%
Gordon
11%
Alan
10%
E. Donnall
10%
Gillian
9%
Thiago
9%
Dylan
7%
Jefferson
7%
Norah
4%
Kristin Scott
3%
Felicity
2%
Javi
2%
Giovani dos
1%
Maxi
1%
Wei
1%
Anshi
0%
Kuan Yew
0%
Mang
0%
Wentworth
0%
No matching quizzes found
Score Distribution
Percent of People with Each Score
Percentile by Number Answered
Your Score History
You have not taken this quiz